|
|
|
|
| LEADER |
00000cam a2200000 i 4500 |
| 001 |
1/99318 |
| 008 |
950328s gr | ||| |||| ||gre|| |
| 035 |
|
|
|l 10011259
|
| 040 |
|
|
|a GR-MY-UA
|b gre
|e aacr
|
| 041 |
0 |
|
|a gre
|
| 082 |
0 |
|
|a 938.509
|
| 100 |
1 |
|
|a Κολοκοτρώνης, Θεόδωρος,
|d 1770-1843.
|
| 245 |
1 |
0 |
|a Διήγησις συμβάντων της ελληνικής φυλής :
|b απομνημονεύματα /
|c Θεόδωρος Κολοκοτρώνης ; Καταγραφή - παρουσίαση: Γ. Τερτσέτη; εσαγωγή, φιλολογική επιμέλεια Τάσου Βουρνά
|
| 260 |
|
|
|a Αθήνα :
|b Τολίδης,
|
| 300 |
|
|
|a 294 σ.
|
| 600 |
1 |
0 |
|a Κολοκοτρώνης, Θεόδωρος,
|d 1770-1843.
|
| 650 |
0 |
0 |
|a Autobiography.
|
| 651 |
|
0 |
|a Greece
|x History
|y 1821-
|
| 700 |
1 |
|
|a Βουρνάς, Τάσος,
|d 1914-1990.
|4 aui
|4 edt
|
| 852 |
|
|
|a INST
|b LESVOS
|e 19950328
|h 938.509 ΚΟΛ
|p 005100001995
|q 005100001995
|t BK
|y 0
|
| 909 |
|
|
|a Λ
|b 036694
|
| 922 |
|
|
|a 1ΔΩΡ
|b 199409
|c ΤΚΑ
|